[Event "UKR-ch 83rd"]
[Site "Lvov"]
[Date "2014.11.16"]
[Round "6"]
[White "Eljanov, Pavel"]
[Black "Kuzubov, Yuriy"]
[Result "0-1"]
[WhiteElo "2719"]
[BlackElo "2661"]
[Annotator "ChessBase II"]
[PlyCount "72"]
[EventDate "2014.11.11"]
[EventType "tourn"]
[EventRounds "11"]
[EventCountry "UKR"]
[EventCategory "17"]
[SourceTitle "CBM 164"]
[Source "ChessBase"]
[SourceDate "2015.01.15"]
[SourceVersion "1"]
[SourceVersionDate "2015.01.15"]
[SourceQuality "1"]

1. d4 Nf6 2. c4 e6 3. Nf3 Bb4+ 4. Nbd2 O-O 5. a3 Be7 6. e4 d6 7. Be2 Nbd7 8.
O-O e5 9. Qc2 exd4 10. Nxd4 Re8 11. b3 ({RR} 11. b4 Bf8 12. Bb2 a5 13. f3 c6
14. Kh1 axb4 15. axb4 Rxa1 16. Rxa1 g6 17. Bf1 Bg7 18. N4b3 Qe7 19. Bd4 c5 20.
bxc5 dxc5 21. Bb2 Ne5 22. Nb1 Nh5 23. Qf2 f5 24. Nc3 fxe4 25. Nxe4 b6 {Eljanov,
P (2707)-Tomashevsky,E (2709) Kiev 2013 1/2-1/2 (51)}) 11... Bf8 12. Bb2 g6 13.
Rfe1 c6 $146 ({RR} 13... a5 14. Bf1 Bg7 15. g3 c6 16. Bg2 Nc5 17. h3 Bd7 18.
Rad1 Qb6 19. Bc3 Re7 20. b4 axb4 21. axb4 Na4 22. Ra1 c5 23. bxc5 Qxc5 24. Ne2
Qc8 25. Bd4 Ne8 26. Bxg7 Kxg7 27. Nf4 Nf6 28. g4 {Vidit,S (2602)-Horvath,A 
(2536) Abu Dhabi 2014 1/2-1/2 (52)}) 14. Bf1 Bg7 15. Rad1 a5 16. g3 Qb6 17. Bg2
Nc5 18. h3 Nfd7 19. Ba1 h5 20. Nf1 Nf6 21. Kh1 Bd7 22. f3 Nh7 23. Bc3 Ng5 24.
f4 Ngxe4 25. Bxe4 Nxe4 26. Rxe4 Rxe4 27. Qxe4 c5 28. Ne2 Bc6 29. Rd5 Re8 30.
Qd3 Bxd5+ 31. cxd5 Qxb3 32. Ne3 c4 33. Qd2 Qb1+ 34. Kg2 Qd3 35. Kf2 Bxc3 36.
Qxd3 Be1+ 0-1

[Event "ESP-chT Div Honor"]
[Site "Monzon"]
[Date "2016.09.29"]
[Round "4.1"]
[White "Kuzubov, Yuriy"]
[Black "Rapport, Richard"]
[Result "1-0"]
[WhiteElo "2629"]
[BlackElo "2752"]
[PlyCount "81"]
[EventDate "2016.09.26"]
[EventType "team-tourn"]
[EventRounds "7"]
[EventCountry "ESP"]
[SourceTitle "CBM 174 Extra"]
[Source "ChessBase"]
[SourceDate "2016.10.10"]
[SourceVersion "1"]
[SourceVersionDate "2016.10.10"]
[SourceQuality "1"]
[WhiteTeam "Jaime Casas"]
[BlackTeam "Sestao Fundacion EDP"]
[WhiteTeamCountry "ESP"]
[BlackTeamCountry "ESP"]

1. d4 d5 2. c4 e6 3. Nf3 Nf6 4. Nc3 Nbd7 5. cxd5 exd5 6. Bg5 c6 7. e3 Be7 8.
Bd3 O-O 9. Qc2 Re8 10. O-O h6 11. Bf4 Nf8 12. h3 a6 13. Rab1 Ne6 14. Bh2 Bd6
15. Bxd6 Qxd6 16. b4 Nd7 17. Rfe1 b6 18. e4 Bb7 19. e5 Qc7 20. Rec1 Ndf8 21.
Ne2 a5 22. a3 axb4 23. axb4 Ra3 24. Qd2 Rea8 25. Ng3 Ng6 26. Rc3 Ngf4 27. Bf5
Ra2 28. Qe3 Ra1 29. Rxa1 Rxa1+ 30. Kh2 Qe7 31. Bxe6 Nxe6 32. Nf5 Qxb4 33. Rb3
Qa5 34. Nxh6+ gxh6 35. Qxh6 Ra3 36. Ng5 Nxg5 37. Qxg5+ Kf8 38. Qd8+ Kg7 39.
Qf6+ Kg8 40. e6 fxe6 41. Qxe6+ 1-0

[Event "UKR-ch 85th"]
[Site "Rivne"]
[Date "2016.12.09"]
[Round "4"]
[White "Kuzubov, Yuriy"]
[Black "Efimenko, Zahar"]
[Result "1-0"]
[WhiteElo "2651"]
[BlackElo "2651"]
[PlyCount "183"]
[EventDate "2016.12.06"]
[EventType "tourn"]
[EventRounds "11"]
[EventCountry "UKR"]
[EventCategory "14"]
[SourceTitle "CBM 176"]
[Source "ChessBase"]
[SourceDate "2017.01.17"]
[SourceVersion "1"]
[SourceVersionDate "2017.01.17"]
[SourceQuality "1"]

1. Nf3 Nf6 2. g3 d5 3. Bg2 c5 4. O-O g6 5. c4 d4 6. e3 Nc6 7. exd4 cxd4 8. d3
Bg7 9. Re1 Nd7 10. Na3 O-O 11. Nc2 a5 12. b3 Re8 13. Ba3 Nde5 14. Ng5 Bg4 15.
f3 Bf5 16. Ne4 b5 17. Nf2 Rc8 18. f4 Nd7 19. g4 Be6 20. Ne4 b4 21. Bc1 Nf6 22.
Nxf6+ Bxf6 23. a3 bxa3 24. Bxa3 Bd7 25. Qf3 e5 26. Rf1 e4 27. dxe4 d3 28. Qxd3
Bxa1 29. Rxa1 Bxg4 30. Qc3 f6 31. Bb2 Be6 32. Ne3 Nb4 33. Rd1 Qe7 34. f5 Bxf5
35. Rf1 Rcd8 36. Nd5 Qc5+ 37. Kh1 Nxd5 38. exd5 Rd6 39. Qc1 Qe3 40. c5 Rdd8 41.
Bxf6 Rd7 42. Qxe3 Rxe3 43. d6 Rf7 44. Bg5 Rd3 45. Re1 Bd7 46. Bh6 Rf6 47. c6
Rfxd6 48. cxd7 Rxd7 49. Bf1 Rd1 50. Bc4+ Kh8 51. Rxd1 Rxd1+ 52. Kg2 Ra1 53. Kg3
Ra3 54. Bc1 Ra2 55. Be3 Kg7 56. Bb5 Kf6 57. Ba4 g5 58. Bb6 h5 59. Bxa5 Kf5 60.
Bd7+ Ke4 61. Bc7 Rc2 62. Ba5 Rb2 63. Be6 Rb1 64. Bd2 Ke5 65. Bc4 h4+ 66. Kh3
Kf6 67. Bc3+ Ke7 68. Bd4 Re1 69. Bf2 Re4 70. Bd3 Rf4 71. Kg2 Kf6 72. Bb6 Ke6
73. Be3 Rb4 74. Bc4+ Kf5 75. Kh3 Rb8 76. Bd3+ Ke5 77. Bc4 Kf5 78. Bc5 Rh8 79.
Be2 Rd8 80. Be3 Rb8 81. Bd1 Rb4 82. Bc2+ Kf6 83. Bd2 Rb5 84. Kg4 Rd5 85. Be3
Rb5 86. Bd4+ Ke7 87. Bc3 Rb8 88. Bd2 Ke6 89. Bd3 Ke5 90. Bc4 Rd8 91. Bxg5 Rd4+
92. Kh3 1-0

[Event "TUR-chT"]
[Site "Kocaeli"]
[Date "2017.07.30"]
[Round "6.3"]
[White "Anton Guijarro, David"]
[Black "Kuzubov, Yuriy"]
[Result "0-1"]
[WhiteElo "2654"]
[BlackElo "2646"]
[PlyCount "114"]
[EventDate "2017.07.26"]
[EventType "team-tourn"]
[EventRounds "13"]
[EventCountry "TUR"]
[SourceTitle "CBM 179 Extra"]
[Source "ChessBase"]
[SourceDate "2017.08.23"]
[SourceVersion "1"]
[SourceVersionDate "2017.08.23"]
[SourceQuality "1"]
[WhiteTeam "Manisa TS Alyans"]
[BlackTeam "Mersin Zeka"]
[WhiteTeamCountry "TUR"]
[BlackTeamCountry "TUR"]

1. e4 e5 2. Nf3 Nf6 3. Nxe5 d6 4. Nf3 Nxe4 5. d4 d5 6. Bd3 Be7 7. O-O Nd6 8.
Re1 O-O 9. c3 Re8 10. Bf4 Nd7 11. Nbd2 Nf8 12. h3 c6 13. Qb3 Ne6 14. Bh2 g6 15.
Re2 Bf8 16. Rae1 Ng7 17. Rxe8 Ngxe8 18. c4 dxc4 19. Nxc4 Be6 20. Rxe6 fxe6 21.
Nxd6 Bxd6 22. Qxe6+ Kg7 23. Be5+ Bxe5 24. Nxe5 Qc7 25. Ng4 Qd6 26. Qe3 Nc7 27.
h4 Nd5 28. Qh6+ Kg8 29. g3 Qf8 30. Qc1 Nf6 31. Ne5 Kg7 32. Qg5 Qe8 33. Bc4 Ne4
34. Qf4 Nd6 35. Bd3 Qe7 36. Qg4 Nf7 37. h5 Nxe5 38. dxe5 Qxe5 39. hxg6 Kh8 40.
gxh7 Qxb2 41. Qf5 Qd4 42. g4 Qd6 43. Qf3 Rd8 44. g5 Rf8 45. Qe3 Qf4 46. Qxf4
Rxf4 47. Kf1 c5 48. g6 c4 49. Bc2 b5 50. Ke2 b4 51. Ke3 Rh4 52. f4 b3 53. axb3
cxb3 54. Bxb3 Rh3+ 55. Ke4 Rxb3 56. f5 a5 57. f6 Rb5 0-1

[Event "ESP-chT CECLUB Honor"]
[Site "Linares"]
[Date "2017.08.14"]
[Round "1.4"]
[White "Kuzubov, Yuriy"]
[Black "Laznicka, Viktor"]
[Result "1-0"]
[WhiteElo "2652"]
[BlackElo "2664"]
[PlyCount "57"]
[EventDate "2017.08.14"]
[EventType "team-tourn"]
[EventRounds "7"]
[EventCountry "ESP"]
[SourceTitle "CBM 180 Extra"]
[Source "ChessBase"]
[SourceDate "2017.10.06"]
[SourceVersion "1"]
[SourceVersionDate "2017.10.06"]
[SourceQuality "1"]
[WhiteTeam "Monzon Jaime Casas"]
[BlackTeam "Merida Patrimonio"]
[WhiteTeamCountry "ESP"]
[BlackTeamCountry "ESP"]

1. c4 c6 2. d4 d5 3. e3 Nf6 4. Nc3 a6 5. b3 Bf5 6. Nge2 e6 7. Ng3 Bg6 8. Bd3
Nbd7 9. O-O Be7 10. Bb2 Qc7 11. Rc1 O-O 12. f4 Bxd3 13. Qxd3 Rad8 14. c5 h5 15.
Kh1 h4 16. Nge2 Ng4 17. Ng1 Nh6 18. Nf3 Nf5 19. Rg1 Nf6 20. Ne5 Nd7 21. Ne2
Nxe5 22. dxe5 f6 23. g4 hxg3 24. Nxg3 Nxg3+ 25. Rxg3 f5 26. Qe2 g5 27. Qh5 Kg7
28. Rcg1 Rf7 29. Rh3 1-0

[Event "ESP-chT CECLUB Honor"]
[Site "Linares"]
[Date "2017.08.18"]
[Round "5.4"]
[White "Kuzubov, Yuriy"]
[Black "Adhiban, Baskaran"]
[Result "1-0"]
[WhiteElo "2652"]
[BlackElo "2677"]
[PlyCount "151"]
[EventDate "2017.08.14"]
[EventType "team-tourn"]
[EventRounds "7"]
[EventCountry "ESP"]
[SourceTitle "CBM 180 Extra"]
[Source "ChessBase"]
[SourceDate "2017.10.06"]
[SourceVersion "1"]
[SourceVersionDate "2017.10.06"]
[SourceQuality "1"]
[WhiteTeam "Monzon Jaime Casas"]
[BlackTeam "Solvay CA"]
[WhiteTeamCountry "ESP"]
[BlackTeamCountry "ESP"]

1. d4 Nf6 2. Nf3 e6 3. c4 d5 4. g3 Bb4+ 5. Bd2 Be7 6. Bg2 c6 7. Qc2 b6 8. O-O
Ba6 9. cxd5 cxd5 10. Bf4 Bb7 11. Ne5 Nfd7 12. Rc1 Nxe5 13. Bxe5 O-O 14. Qc7 Qd7
15. Qxd7 Nxd7 16. Rc7 Bc8 17. Bf4 Bd8 18. Rc2 Bf6 19. Bd6 Re8 20. e4 Bxd4 21.
exd5 e5 22. Nc3 Ba6 23. Bc7 f5 24. Rd1 Bxc3 25. Rxc3 e4 26. d6 Re5 27. Rd4 Kf7
28. g4 g6 29. Rh3 Kg7 30. gxf5 gxf5 31. Rg3+ Kf7 32. b4 Rg8 33. Rxg8 Kxg8 34.
Bh3 Kf7 35. Kg2 Bb7 36. Kf1 Bc6 37. Ke1 Ke6 38. Ke2 a5 39. a3 axb4 40. axb4 Rb5
41. Kd2 Ke5 42. Kc3 Rd5 43. Rxd5+ Bxd5 44. Bf1 f4 45. Bb5 Be6 46. Bc6 Bh3 47.
Bd8 Bf5 48. Be7 Be6 49. Bg5 Bf5 50. Bb7 Nf8 51. Bh6 Ng6 52. Bg7+ Kxd6 53. Kd4
e3 54. fxe3 fxe3 55. Kxe3 Bd7 56. Be4 Bc6 57. Bd3 Bd5 58. Kd4 Nh4 59. Be5+ Ke6
60. Bc7 h5 61. Ke3 Nf3 62. Be2 Ne1 63. b5 Nc2+ 64. Kd3 Na3 65. Kd4 Nc2+ 66. Kc3
Ne1 67. Bxh5 Nf3 68. Bxf3 Bxf3 69. Bxb6 Be2 70. Kb4 Kd6 71. h4 Bd1 72. Bf2 Be2
73. b6 Kc6 74. Kc3 Bd1 75. Bd4 Kd6 76. Kd2 1-0

[Event "ESP-chT CECLUB Honor"]
[Site "Linares"]
[Date "2017.08.19"]
[Round "6.1"]
[White "Kuzubov, Yuriy"]
[Black "Duda, Jan Krzysztof"]
[Result "1-0"]
[WhiteElo "2652"]
[BlackElo "2707"]
[PlyCount "67"]
[EventDate "2017.08.14"]
[EventType "team-tourn"]
[EventRounds "7"]
[EventCountry "ESP"]
[SourceTitle "CBM 180 Extra"]
[Source "ChessBase"]
[SourceDate "2017.10.06"]
[SourceVersion "1"]
[SourceVersionDate "2017.10.06"]
[SourceQuality "1"]
[WhiteTeam "Monzon Jaime Casas"]
[BlackTeam "Sestao Bizkaialde"]
[WhiteTeamCountry "ESP"]
[BlackTeamCountry "ESP"]

1. d4 Nf6 2. c4 e6 3. Nf3 b6 4. a3 Ba6 5. Qb3 c5 6. d5 g6 7. Nc3 exd5 8. Nxd5
Nxd5 9. cxd5 Bg7 10. Bg5 f6 11. Bf4 O-O 12. e3 d6 13. h4 Bxf1 14. Kxf1 Qe7 15.
Qc2 Nd7 16. h5 f5 17. hxg6 hxg6 18. Ng5 Nf6 19. f3 Rae8 20. Kf2 Nh5 21. Ne6
Nxf4 22. exf4 Bd4+ 23. Kg3 Qf6 24. Rae1 Rf7 25. b4 Rfe7 26. Qd3 Bc3 27. Rc1 Bd4
28. Rce1 Bc3 29. Rd1 cxb4 30. axb4 Bxb4 31. Rh6 Rxe6 32. dxe6 Rxe6 33. Qc4 Kg7
34. Qc8 1-0

[Event "SLO-chT 27th"]
[Site "Slovenia"]
[Date "2017.09.30"]
[Round "2.3"]
[White "Oleksienko, Mikhailo"]
[Black "Kuzubov, Yuriy"]
[Result "0-1"]
[WhiteElo "2615"]
[BlackElo "2688"]
[PlyCount "68"]
[EventDate "2017.09.29"]
[EventType "team-tourn"]
[EventRounds "9"]
[EventCountry "SLO"]
[SourceTitle "EXT 2018"]
[Source "ChessBase"]
[SourceDate "2017.10.13"]
[SourceVersion "1"]
[SourceVersionDate "2017.10.13"]
[SourceQuality "1"]
[WhiteTeam "Maribor"]
[BlackTeam "Ptuj"]
[WhiteTeamCountry "SLO"]
[BlackTeamCountry "SLO"]

1. d4 Nf6 2. c4 e6 3. Nc3 Bb4 4. f3 c5 5. d5 exd5 6. cxd5 O-O 7. e4 d6 8. Bd3
Nbd7 9. Nge2 Ne5 10. O-O Re8 11. Kh1 Bd7 12. a3 Ba5 13. Bg5 h6 14. Bh4 Rc8 15.
Rb1 Qe7 16. Bb5 Bxb5 17. Nxb5 a6 18. Nbc3 Ng6 19. Bf2 b5 20. Ng3 Qd7 21. Nce2
Ne5 22. Nf5 g6 23. Bh4 Bd8 24. Nxh6+ Kg7 25. Nf5+ gxf5 26. Ng3 f4 27. Bxf6+
Kxf6 28. Nh5+ Ke7 29. Nxf4 Rh8 30. Ne2 Bb6 31. Ng3 Rxh2+ 32. Kxh2 Rh8+ 33. Nh5
Rxh5+ 34. Kg3 Qc8 0-1

[Event "ROM-chT"]
[Site "Baile Govora"]
[Date "2017.11.19"]
[Round "9.3"]
[White "Kuzubov, Yuriy"]
[Black "Parligras, Mircea Emilian"]
[Result "1-0"]
[WhiteElo "2690"]
[BlackElo "2613"]
[Annotator "Marin,M"]
[PlyCount "79"]
[EventDate "2017.11.11"]
[EventType "team-tourn"]
[EventRounds "9"]
[EventCountry "ROU"]
[SourceTitle "CBM 182"]
[Source "ChessBase"]
[SourceDate "2018.01.17"]
[SourceVersion "1"]
[SourceVersionDate "2018.01.17"]
[SourceQuality "1"]
[WhiteTeam "Timisoara Medicina"]
[BlackTeam "Iasi Politehnica"]
[WhiteTeamCountry "ROU"]
[BlackTeamCountry "ROU"]

1. Nf3 Nf6 2. g3 d5 3. Bg2 c6 4. b3 Bf5 5. Bb2 e6 6. O-O {This was the last
round of the team championship. With our team already as a winner and a huge
personal score on the top board in his pocket already, Kuzubov chooses a solid
opening. But it does not mean he played without ambition as we will soon see.}
h6 ({From the years when I played 1.Nf3 and 2.g3 almost exclusively I have
noticed my opponent's tendency to ensure the bishop's retreat at an early
stage. This did not bother me, of course, as it meant I had an extra tempo in
the first phase of the game. But even if useful, ...h7-h6 could be played at a
later stage. For instance after} 6... Nbd7 7. d3 Be7 8. Nbd2 O-O {White has to
choose between c2-c4 and e2-e4 (the latter after preparing it) and with his
development complete Black could already play ...h7-h6. If} 9. Nh4 Bg4 10. h3
Bh5 11. g4 Ne8 {things do not run the way White would wish them.}) 7. d3 Nbd7 {
Delaying the kingside development for the second time in a row already allows
White to save a tempo on the plan with e2-e4.} ({A safer way is} 7... Be7 8.
Nbd2 O-O {when White has to spend a tempo to play e2-e4:} 9. Re1 Bh7 10. e4 {
Here are two previous games of Kuzubov, which his opponent must have seen
during preparation.} a5 11. a3 c5 (11... Nbd7 12. Qe2 Qb6 13. e5 Ne8 14. h4 c5
15. a4 Nc7 16. Nf1 Qa6 $6 17. g4 c4 $6 {Instead of counterplay, Black just
ends up missing a pawn.} 18. dxc4 dxc4 19. bxc4 Rac8 20. g5 h5 21. Nd4 $16 {
Kuzubov,Y (2624)-Vishnu,P (2369) Chennai 2011 (1/2-1/2, 59)}) 12. exd5 Nxd5 13.
Ne5 Nd7 14. Nxd7 Qxd7 15. Nc4 Ra6 16. a4 $14 {Kuzubov,Y (2628)-Gustafsson,J 
(2647) Reykjavik 2011 (1/2-1/2, 49)}) 8. Nbd2 Bh7 {Black reckons with the fact
that developing his king's bishop would allow e2-e4 at once and plays a
half-waiting move hoping to provoke Re1 or Qe1.} (8... Bd6 9. e4 {[%cal Ge4e5]}
dxe4 (9... Bg4 $14 {means losing a tempo over the normal ...Bg4 lines.}) 10.
dxe4 Bxe4 11. Nxe4 Nxe4 12. Bxg7 Rg8 13. Bb2 $16 {Soors,S (2176)-Ulziibayar,B
Vung Tau 2008 (1-0, 24)}) (8... Be7 9. e4 dxe4 10. dxe4 Bh7 11. Qe2 {The queen
gets to this best square without wasting a tempo with Qe1.} O-O 12. Rfd1 Qc7
13. a3 Rfd8 14. e5 Ne8 15. Nc4 Nb6 16. Ne3 Rxd1+ 17. Rxd1 Rd8 18. c4 Nd7 19. b4
$14 {Kuzubov,Y (2624)-Chadaev,N (2568) Moscow 2011 (1-0, 58)}) 9. e4 $1 {
Shattering Black's hopes. White spent 11 minutes on this move, possibly
meaning that the concrete position was not familiar to him.} Bc5 {Black also
reacted after a while, 9 minutes. He probably did not like the surprise at all.
} (9... dxe4 10. dxe4 Nxe4 11. Nxe4 Bxe4 12. Qe2 {leaves Black with the king
in the centre as he cannot develop his kingside easily.} Bxf3 13. Qxf3 Qg5 14.
Rad1 Be7 15. h4 Qg6 16. Qf4 O-O-O {Defending against the intrusion on c7, but
exposing the king to a long term attack.} 17. Qa4 Bc5 (17... Kb8 18. b4 $36)
18. b4 Qg4 19. c4 Qxc4 20. Bxc6 Nb6 21. Qxa7 Bxf2+ 22. Kxf2 Qxc6 23. Bd4 $40 {
Forster,R (2459)-Dunis,A (2405) Leipzig 2002 (1-0, 34)}) 10. e5 Ng8 11. d4 $1 {
Causing a lack of coordination between Black's minor pieces.} ({Slow play
would allow Black to complete the development adequately:} 11. Qe2 Ne7 12. Kh1
a5 13. Nh4 Nf8 14. f4 Nfg6 15. Ndf3 a4 16. Bh3 O-O 17. f5 $6 Nxh4 18. Nxh4 Nxf5
19. Nxf5 Bxf5 20. Bxf5 exf5 21. Rxf5 axb3 22. axb3 Rxa1+ 23. Bxa1 Qd7 $15 {
Thiede,L (2280)-Hracek,Z (2510) Germany 1994 (0-1, 64)}) 11... Bb6 {Played
instantly and dooming Black to a hopeless position. Of course it was desirable
to keep the e7-square available for the knight but abandoning the a3-f8
diagonal to White's mercy is a fatal idea. There were two good alternatives.} (
11... Bf8 $5 12. c4 Ne7 13. Ne1 g5 14. Qe2 Nf5 {with reasonable play even
though White has the better of things..}) (11... Bb4 $5 12. c3 Bf8 13. a4 Ne7
14. b4 a5 $132 15. b5 $6 cxb5 16. axb5 Bd3 17. Re1 Bxb5 {1-0 (70) Adithya,B 
(2311)-Adu,O (2199) Rockville 2013}) ({But} 11... Be7 $6 {is too sophisticated:
} 12. c4 g5 13. Ne1 Bg6 14. Qe2 ({Black's delay in development requires more
active moves:} 14. f4 $1 h5 15. cxd5 cxd5 16. f5 Bxf5 17. Bxd5 {[%cal Gd2c4,
Gc4d6]} Bg4 18. Bf3 Nh6 19. Ne4 $16) 14... h5 15. Nd3 Nh6 {Dannevig,O (2325)
-Royset,P (2240) Norway 1997 (1-0, 61), with reasonable play for Black,}) 12.
c4 Ne7 13. Ba3 $16 {Actually this game could have been an excellent example
for my article published on this same DVD about natural moves. Apparently
Black has not done anything wrong but his position is already hopeless after
13 moves.He has no space the b6-bishop is passive and its rival on a3 is
killing. All these must have prematurely relaxed White when playing the next
move.} O-O ({Black spent 17 minutes on this natural move. He might have
investigated the consequences of} 13... c5 14. cxd5 exd5 (14... Nxd5 15. Nc4
$16) 15. Bh3 cxd4 16. e6 {and Black is doomed as he has no time to castle.})
14. Bd6 $2 {Played after less than one minute and giving Black the chance to
get out of deep water.} ({He should have taken measures against ...c5 with} 14.
Rc1 $1 {for instance} Rc8 15. Bd6 c5 16. cxd5 exd5 17. Bh3 $16) 14... dxc4 $2 {
Mircea probably abandoned the hope of freeing his position during the long
thought over the previous move. Obviously he as worried about being burried
alive after c4-c5.} ({And yet, now was a good moment for} 14... c5 $1 15. cxd5
exd5 16. dxc5 Bxc5 $11) 15. bxc4 Bc7 16. Qb3 {White plays now at his leisure.}
Rb8 17. Qa3 Re8 18. Rac1 Ra8 19. Nb3 a5 20. Rfd1 Nf5 21. Bxc7 $5 {Flexible
thinking. White gives up the outpost for getting a different (dynamic) sort of
advantage.} (21. c5 {at least offers Black the d5-square after} Ne7 $16 {
and it will take some time to break the fortress.}) 21... Qxc7 22. d5 $1 exd5
23. cxd5 Nxe5 24. Nxe5 Rxe5 (24... Qxe5 25. dxc6 bxc6 26. Bxc6 $18) 25. d6 {
With White's army perfectly coordinated and Black's army chaotically displayed
the d6-pawn decides quickly.} Qb6 26. Nc5 Rd8 27. Qc3 f6 28. d7 Ne7 29. Qc4+
Kh8 30. Ne6 $1 Bg8 31. Nxd8 $1 Qxd8 (31... Bxc4 32. Nxb7 Qxb7 33. d8=Q+ Kh7 34.
Rxc4 $18) 32. Qd4 {The rest is pure inertia.} Nd5 33. Bh3 Re7 34. Qa7 Rxd7 35.
Bxd7 Qxd7 36. Qxa5 Qg4 37. Qd2 Bh7 38. Re1 Be4 39. Rc4 f5 40. Qe2 {Even though
Medicina were already champions, this match was very important. There had been
voices claiming that we would lose on purpose to allow our opponents get the
bronze medals. This was far from our intention and we won the match by a large
margin.} 1-0

[Event "Saint Louis Fall-A"]
[Site "Saint Louis"]
[Date "2018.10.11"]
[Round "2"]
[White "Robson, Ray"]
[Black "Kuzubov, Yuriy"]
[Result "0-1"]
[WhiteElo "2682"]
[BlackElo "2655"]
[PlyCount "58"]
[EventDate "2018.10.10"]
[EventType "tourn"]
[EventRounds "9"]
[EventCountry "USA"]
[EventCategory "17"]
[SourceTitle "CBM 186 Extra"]
[Source "ChessBase"]
[SourceDate "2018.08.24"]
[SourceVersion "1"]
[SourceVersionDate "2018.08.24"]
[SourceQuality "1"]

1. e4 e5 2. Nf3 Nf6 3. Nxe5 d6 4. Nc4 Nxe4 5. Qe2 Qe7 6. Ne3 c6 7. b3 d5 8. Bb2
Na6 9. g3 Be6 10. Bg2 O-O-O 11. c4 Nf6 12. cxd5 Bxd5 13. Bxf6 Qxf6 14. Nxd5
Qxa1 15. Ndc3 Nc7 16. O-O Qb2 17. Qc4 Be7 18. d4 Kb8 19. Rd1 Rhe8 20. Bf3 Bf6
21. Na4 Qa1 22. Nac3 Ne6 23. d5 cxd5 24. Nxd5 Qxa2 25. Nd2 Qa6 26. Qxa6 bxa6
27. Nb4 Rd6 28. Kg2 Red8 29. Rc1 a5 0-1

[Event "GER CupT final"]
[Site "Wolfhagen"]
[Date "2019.05.19"]
[Round "2.1"]
[White "Adams, Michael"]
[Black "Kuzubov, Yuriy"]
[Result "0-1"]
[WhiteElo "2693"]
[BlackElo "2664"]
[PlyCount "90"]
[EventDate "2019.05.18"]
[EventType "team-k.o."]
[EventRounds "2"]
[EventCountry "GER"]
[SourceTitle "CBM 190 Extra"]
[Source "ChessBase"]
[SourceDate "2019.07.15"]
[SourceVersion "1"]
[SourceVersionDate "2019.07.15"]
[SourceQuality "1"]
[WhiteTeam "Baden-Baden"]
[BlackTeam "Bad Emstal / Wolfhagen"]
[WhiteTeamCountry "GER"]
[BlackTeamCountry "GER"]

1. e4 c5 2. Nf3 Nc6 3. Bb5 d6 4. O-O Bd7 5. Re1 Nf6 6. c3 a6 7. Bf1 Bg4 8. h3
Bxf3 9. Qxf3 e6 10. d3 Be7 11. Nd2 O-O 12. Qe2 d5 13. Nf3 d4 14. e5 Nd7 15. c4
b5 16. b3 Rb8 17. g3 bxc4 18. bxc4 Qa5 19. Bg2 Qa4 20. a3 Bd8 21. Qe4 Ne7 22.
h4 h6 23. h5 Ba5 24. Rf1 Qc2 25. Bf4 Rb3 26. Rad1 Rfb8 27. a4 Nb6 28. Bd2 Bxd2
29. Rxd2 Qc3 30. Qh4 Kf8 31. Qf4 Nxa4 32. Nh4 Kg8 33. g4 Rb1 34. Rxb1 Rxb1+ 35.
Kh2 Nb2 36. Be4 Qc1 37. Ng2 Na4 38. g5 Qh1+ 39. Kg3 Qxh5 40. gxh6 Nc3 41. hxg7
Nxe4+ 42. dxe4 Ng6 43. Qf6 Rb3+ 44. f3 Qxe5+ 45. Qxe5 Nxe5 0-1

[Event "TUR-chT"]
[Site "Konya"]
[Date "2019.07.23"]
[Round "7.2"]
[White "Kuzubov, Yuriy"]
[Black "Demchenko, Anton"]
[Result "1-0"]
[WhiteElo "2671"]
[BlackElo "2665"]
[PlyCount "89"]
[EventDate "2019.07.17"]
[EventType "team-tourn"]
[EventRounds "13"]
[EventCountry "TUR"]
[SourceTitle "CBM 191 Extra"]
[Source "ChessBase"]
[SourceDate "2019.09.30"]
[SourceVersion "1"]
[SourceVersionDate "2019.09.30"]
[SourceQuality "1"]
[WhiteTeam "Tarsus Zeka"]
[BlackTeam "Sertel GenclikK Sport"]
[WhiteTeamCountry "TUR"]
[BlackTeamCountry "TUR"]

1. d4 Nf6 2. Nf3 g6 3. g3 Bg7 4. Bg2 O-O 5. O-O d6 6. Re1 Nbd7 7. e4 e5 8. Nc3
b6 9. d5 a5 10. a3 Nc5 11. Bg5 Qe8 12. Bf1 Bd7 13. Nd2 Kh8 14. b4 Nb7 15. Qe2
Qc8 16. Qc4 Ne8 17. Nf3 f6 18. Bd2 Nd8 19. Nh4 Nf7 20. bxa5 Rxa5 21. a4 Bh6 22.
Nf3 f5 23. exf5 Bxf5 24. Nb5 Bxd2 25. Nxd2 Ra8 26. Ra3 Bd7 27. Qh4 Ng7 28. Rc3
Bxb5 29. Bxb5 Nf5 30. Qf6+ Kg8 31. Ne4 Ra7 32. f4 exf4 33. gxf4 Qd8 34. Rh3
N7h6 35. Qxd8 Rxd8 36. Ng5 Nf7 37. Nxh7 Nd4 38. Be8 Kg7 39. Bxf7 Kxf7 40. Ng5+
Kf6 41. Rh7 Kf5 42. Rf7+ Kg4 43. h3+ Kh4 44. Kg2 Rh8 45. Ree7 1-0